000 02484cam a22005414i 4500
003 PE-LiUPU
005 20250904150229.0
008 150616s1948 xxka r 000 0 spa d
035 _a(Sirsi) a9202
040 _aPE-LiUPU
_bspa
_cPE-LiUPU
_erda
049 _aPRUA
082 0 4 _a291.32
_bF842
_221
100 1 _aFroom, Le Roy Edwin,
_d1890-1974,
_eautor.
245 1 4 _aThe prophetic faith of our fathers :
_bthe historical development of prophetic interpretation.
_n2 /
_cLe Roy Edwin Froom.
250 _a2a edición.
264 1 _aWashintong :
_bReview and Herald,
_c1948.
300 _a863 páginas :
_bilustraciones ;
_c24 centímetros
336 _atext
_2rdacontent
337 _aunmediated
_2rdamedia
338 _avolume
_2rdacarrier
505 0 _aRevival of interpretation in Italy and Bohemia.- Gradual clarification og hazy points continues.- Franch revolution leads to papal wound.- Summing up the evidence of volume II.
526 _aSEG42
526 _aSEG41
526 _aSEG40
526 _aSEG39
526 _aP94
526 _aP87
526 _aP86
526 _aP85
526 _aP77
526 _aP76
526 _aP35
630 0 _aBiblia.
_xProfecías.
_93777
650 0 4 _aEscatología
_xHistoria de las doctrinas.
910 _ajck
_bjvq
_cjck
942 _2ddc
_cBOOK
949 _a291.32 F84 2
_wDEWEY
_c1
_i03532
_lCCODEBUL1
_mBUL
_p10.00
_r0
_sY
_tBOOK
_u2015-04-23
_xTEOLOGIA
_zUNKNOWN
_0COMPRA
_o.STAFF. Colección Teología
949 _a291.32 F84 2
_wDEWEY
_c2
_i07371
_lCCODEBUL1
_mBUL
_p10.00
_r0
_sY
_tBOOK
_u2015-04-23
_xTEOLOGIA
_zUNKNOWN
_0COMPRA
_o.STAFF. Colección Teología
949 _a291.32 F84 2
_wDEWEY
_c3
_i14019
_lCCODEBUL1
_mBUL
_p10.00
_r0
_sY
_tBOOK
_u19950921
_xTEOLOGIA
_PP35
_0COMPRA
_o.STAFF. Colección Teología
994 _aC0
_bPEPRU
596 _a1
999 _a291.32 F84 2
_wDEWEY
_c60631
_i03532
_f2019-12-11
_g4
_lREPAIR
_mBUL
_r0
_sY
_tBOOK
_u2015-4-23
_xTEOLOGIA
_zUNKNOWN
_0COMPRA
_o.STAFF. Colección General
_d60631
999 _a291.32 F84 2
_wDEWEY
_c2
_i07371
_d2018-7-3
_e2017-3-30
_f2021-11-11
_g5
_lCCODEBUL1
_mBUL
_n1
_q1
_r0
_sY
_tBOOK
_u2015-4-23
_xTEOLOGIA
_zUNKNOWN
_0COMPRA
_o.STAFF. Colección General
999 _a291.32 F84 2
_wDEWEY
_c3
_i14019
_d2016-12-1
_e2016-11-28
_f2021-11-11
_g5
_lCCODEBUL1
_mBUL
_n3
_p10.00
_r0
_sY
_tBOOK
_u2015-6-16
_xTEOLOGIA
_PP35
_0COMPRA
_o.STAFF. Colección Teología
980 _818226
_gJaime Vilcazán Jefe de Análisis Documental